[Event "ESP-ch U16"]
[Site "Padron"]
[Date "2008.07.23"]
[Round "6"]
[White "Benarque Lopez, Francisco Jose"]
[Black "Cruz Lledo, Pablo"]
[Result "1-0"]
[WhiteElo "1889"]
[BlackElo "2008"]
[PlyCount "71"]
[EventDate "2008.07.20"]
[EventType "swiss"]
[EventRounds "9"]
[EventCountry "ESP"]
[SourceTitle "EXT 2010"]
[Source "ChessBase"]
[SourceDate "2010.11.25"]
[SourceVersion "1"]
[SourceVersionDate "2010.11.25"]
[SourceQuality "1"]

1. d4 d5 2. c4 c6 3. Nc3 Nf6 4. Bg5 a6 5. e3 b5 6. cxd5 cxd5 7. Nf3 e6 8. Bd3 Nbd7 9. Ne5 h6 10. Bf4 Bb7 11. 0-0 Be7 12. Rc1 0-0 13. Ne2 Nb6 14. Nxf7 Rxf7 15. Bc7 Qd7 16. Bxb6 Bd6 17. Bc5 Ne4 18. Bxe4 dxe4 19. Bxd6 Qxd6 20. Rc5 Raf8 21. Ng3 Bd5 22. Qg4 Bxa2 23. Nxe4 Qb6 24. Rfc1 Bc4 25. f3 Rf5 26. Qg3 a5 27. Rc7 R8f7 28. Rc8+ Rf8 29. Rxf8+ Rxf8 30. b3 Bxb3 31. Rc7 Rf7 32. Nf6+ Kf8 33. Nd7+ Rxd7 34. Rxd7 g5 35. Qe5 Ke8 36. Qg7 1-0

[Event "ESP-ch U16"]
[Site "Padron"]
[Date "2008.??.??"]
[Round "7"]
[White "Moreno Martin, Daniel"]
[Black "Benarque Lopez, Francisco Jose"]
[Result "1-0"]
[WhiteElo "2091"]
[BlackElo "1889"]
[PlyCount "75"]
[EventDate "2008.07.20"]
[EventType "swiss"]
[EventRounds "9"]
[EventCountry "ESP"]
[SourceTitle "EXT 2010"]
[Source "ChessBase"]
[SourceDate "2010.11.25"]
[SourceVersion "1"]
[SourceVersionDate "2010.11.25"]
[SourceQuality "1"]

1. e4 e5 2. Nf3 Nc6 3. Bb5 a6 4. Ba4 Nf6 5. 0-0 Nxe4 6. d4 exd4 7. Re1 d5 8. Nxd4 Bd6 9. Nxc6 Bxh2+ 10. Kh1 Qh4 11. Rxe4+ dxe4 12. Qd8+ Qxd8 13. Nxd8+ Kxd8 14. Kxh2 Be6 15. Nd2 c5 16. c3 b5 17. Bc2 f5 18. Nb3 Bxb3 19. Bxb3 Kc7 20. Bf4+ Kc6 21. a4 h6 22. Be5 c4 23. Bc2 Rhg8 24. g4 Rae8 25. Bd4 f4 26. Kg2 e3 27. f3 Kd5 28. axb5 axb5 29. Kf1 Re7 30. Ke2 h5 31. gxh5 Rb8 32. Ra6 b4 33. Ra5+ Kc6 34. Ba4+ Kc7 35. Rc5+ Kd8 36. Rxc4 bxc3 37. Bxc3 g5 38. Ba5+ 1-0